| 000 | 004240000a22001690004500 | ||
|---|---|---|---|
| 003 | MACL | ||
| 005 | 20160102162442.0 | ||
| 008 | 160102b xxu||||| |||| 00| 0 eng d | ||
| 040 |
_aMACL _cMACL |
||
| 041 | _aEnglish | ||
| 082 | _a630.54/KUM | ||
| 100 |
_aKumar, L SS _927343 |
||
| 245 | _aAgriculture In India | ||
| 260 |
_bAsia Publishing House _c1963 _aBombay |
||
| 650 |
_aAgriculture _927344 |
||
| 942 |
_cBK _k630/Kum _2ddc |
||
| 999 |
_c35588 _d35588 |
||